| 000 | 01049nam a2200289 i 4500 | ||
|---|---|---|---|
| 001 | bg | ||
| 003 | BPK | ||
| 005 | 20210204131747.0 | ||
| 008 | 061221s1974 pl a f f |000 0 pol | ||
| 015 | _aPB 8442/74 | ||
| 040 |
_aWA N _cBPK |
||
| 080 | _a628.1/.3 | ||
| 080 | _a(075.8) | ||
| 100 | 1 |
_aMielcarzewicz, Edward Włodzimierz _d(1924-2013) _eAutor |
|
| 245 | 1 | 0 |
_aGospodarka wodna i ściekowa w zakładach przemysłowych. _nCz. 1, _pSystemy / _cEdward Włodzimierz Mielcarzewicz. |
| 260 |
_aWrocław : _bPolitechnika Wrocławska, _c1974. |
||
| 300 |
_a228 s. : _bil. ; _c23 cm. |
||
| 490 | 1 | _aPolitechnika Wrocławska / Skrypty. | |
| 504 | _aBibliogr. | ||
| 650 | 4 | _aŚcieki przemysłowe | |
| 650 | 4 | _aGospodarka wodna | |
| 658 | _aInżynieria i technika | ||
| 710 | 2 |
_aOficyna Wydawnicza Politechniki Wrocławskiej _bWydawca _4pbl. |
|
| 830 | 0 | _aSkrypty - Politechnika Wrocławska | |
| 856 |
_uhttp://koha.tu.koszalin.pl/cgi-bin/koha/opac-detail.pl?biblionumber=1454 _yKatalog online BPK |
||
| 942 |
_2UKD _cKS |
||
| 999 |
_c1454 _d1454 |
||